01268nam a22002297a 450000500170000000800410001702000180005804000070007604100080008308200220009110000320011324500470014526000560019230000290024836500620027752004570033965000360079670000290083294200120086199900190087395201460089220230328094830.0230105b ||||| |||| 00| 0 eng d a9788126902002 cAL aeng 223a823.914bMITS aRajeshwar Mittapalli968595 aSalman rushdie new critical insights Vol.1 aNew DelhibAtlantic Publishers & Distributorsc2014 aiv,241p.bHBc22.5x14cm. 2Generala1834b₹637.50c₹d₹750.00e15%f12-12-2022 aRushdie has put behind him the political and religious controversy that surrounded him in the aftermath of the appearance of The Satanic Verses. These two volumes endeavour to continue the literary-critical study of his works by bringing together some of the best critical essays written in the post-‘Verses controversy’ period. The essays present an honest assessment of Rushdie’s works by creatively engaging with the issues each of them raises 2FictionaEnglish Fiction968596 aKuortti Joel, Ed.968597 2ddccBK c226267d226267 00102ddc40708MAENGaSACPGbSACPGd2023-01-02eVidya Viharg637.50l0o823.914 MITSpPG024127r2023-01-05 00:00:00v750.00w2023-01-05yBK